书目信息 |
| 题名: |
健康来自1分钟好习惯
|
|
| 作者: | 刘翔宇 , 李钢强 编著 | |
| 分册: | ||
| 出版信息: | 北京 北京理工大学出版社 2008.09 |
|
| 页数: | 282页 | |
| 开本: | 24cm | |
| 丛书名: | ||
| 单 册: | ||
| 中图分类: | R163 | |
| 科图分类: | ||
| 主题词: | 生活--sheng huo--卫生习惯--普及读物 | |
| 电子资源: | ||
| ISBN: | 978-7-5640-1638-8 | |
| 000 | 00987nam0 2200253 450 | |
| 001 | 012009118117 | |
| 005 | 20090919151932.07 | |
| 010 | @a978-7-5640-1638-8@dCNY29.80 | |
| 100 | @a20090919d2008 em y0chiy0120 ea | |
| 101 | 0 | @achi |
| 102 | @aCN@b110000 | |
| 105 | @aa z 000yy | |
| 106 | @ar | |
| 200 | 1 | @a健康来自1分钟好习惯@Ajian kang lai zi 1 fen zhong hao xi guan@d= Health depends on a good habit of one minute@f刘翔宇, 李钢强编著@Fliu xiang yu,li gang qiang bian zhu@zeng |
| 210 | @a北京@c北京理工大学出版社@d2008.09 | |
| 215 | @a282页@c图@d24cm | |
| 330 | @a本书主要内容包括:1分钟卫生好习惯、1分钟烹饪好习惯、1分钟办公好习惯、1分钟减压好习惯、1分钟瘦身好习惯、1分钟运动好习惯等。 | |
| 510 | 1 | @aHealth depends on a good habit of one minute@zeng |
| 606 | 0 | @a生活@Asheng huo@x卫生习惯@j普及读物 |
| 690 | @aR163@v4 | |
| 701 | 0 | @a刘翔宇@Aliu xiang yu@4编著 |
| 701 | 0 | @a李钢强@Ali gang qiang@4编著 |
| 801 | 0 | @aCN@bQSSK@c20090919 |
| 905 | @b757291-93@dR163@eL698@f3 | |
| 健康来自1分钟好习惯= Health depends on a good habit of one minute/刘翔宇, 李钢强编著.-北京:北京理工大学出版社,2008.09 |
| 282页:图;24cm |
| ISBN 978-7-5640-1638-8:CNY29.80 |
| 本书主要内容包括:1分钟卫生好习惯、1分钟烹饪好习惯、1分钟办公好习惯、1分钟减压好习惯、1分钟瘦身好习惯、1分钟运动好习惯等。 |
| ● |
| 相关链接 |
|
|
|
正题名:健康来自1分钟好习惯
索取号:R163/L698
 
预约/预借
| 序号 | 登录号 | 条形码 | 馆藏地/架位号 | 状态 | 备注 |
| 1 | 757291 | 207572919 | 自科库401/401自科库 6排4列3层/ [索取号:R163/L698] | 在馆 | |
| 2 | 757292 | 207572928 | 自科库401/401自科库 6排4列3层/ [索取号:R163/L698] | 在馆 | |
| 3 | 757293 | 207572937 | 自科库401/401自科库 6排4列3层/ [索取号:R163/L698] | 在馆 |